Problémy národnej, regionálnej a ľudovej architektúry

Podrobná bibliografia
Hlavný autor: Moravčíková, Henrieta, 1963- (Autor)
Médium: Článok
Jazyk:slovenčina
Predmet:

MARC

LEADER 00000nab a2200000 a 4500
001 vtls000396594
003 SK-MaSNL
005 20260304012541.0
008 140301c1990 xo 0 slo
015 |a SNBRB19rr/mm-uuuuu 
035 |a CL0396718 
040 |a SNKBUCL  |b slo  |c SNKBUCL  |e AACR2 
041 0 |a slo 
044 |a xo  |c SK 
080 |a 72.01  |2 1981 
080 |a 72  |2 1981 
080 |a 39  |2 1981 
100 1 |a Moravčíková, Henrieta,  |d 1963-  |4 aut  |9 212446 
245 1 0 |a Problémy národnej, regionálnej a ľudovej architektúry  |c Henrieta Hammerová 
650 0 7 |a architektúra národná  |2 snkbucl  |9 898814 
650 0 7 |a architektúra regionálna  |2 snkbucl  |9 898815 
650 0 7 |a ľudová architektúra  |2 snkbucl  |9 2956 
655 7 |a články z novín a časopisov  |2 snkbucl  |9 267496 
773 0 |t Projekt  |g Roč. 32, č. 5-6 (1990), s. 70-71 
850 |a Slovenská národná knižnica v Martine  |a MTA001 
852 |a SNK  |b KIS3GCP 
958 |a RK 
992 |a RBX 
999 |c 2572003  |d 2573933